| 000 | 01040nam0a22002531i 4500 | ||
|---|---|---|---|
| 001 | rc\203739 | ||
| 005 | 20240726103142.0 | ||
| 035 | _a(NLR Aleph) 008774487 | ||
| 090 |
_a7944247 _c7944247 |
||
| 100 | _a20030307d1991 u |0rusy50 ca | ||
| 101 | 0 | _arus | |
| 102 | _aRU | ||
| 105 | _ay ||||||||| | ||
| 200 | 1 |
_aЭлектроретинография при внутриглазных опухолях _e(Эксперим.-клинич. исслед.) _eАвтореф. дис. на соиск. учен. степ. канд. мед. наук _e(14.00.14) _fНИИ онкологии и радиологии |
|
| 210 |
_aТашкент _d1991 |
||
| 215 | _a21 с. | ||
| 320 | _aБиблиогр.: с. 20-21 (5 назв.) | ||
| 606 | 1 |
_aГлаз _xОпухоли _xЭлектроретинография _2nlr_sh1 |
|
| 700 | 1 |
_aУбайдуллаева _bН.Н. _gНафиса Нигматуллаевна |
|
| 801 | 0 |
_aRU _bNLR _gpsbo |
|
| 801 | 1 |
_aRU _bELAR _2rusmarc |
|
| 801 | 2 |
_aRU _bNLR _c20050429 _2rusmarc |
|
| 852 |
_aNLR _jА91/6120 |
||
| 942 | _cBOOK | ||